000 01727cas a22004337ar4500
005 20220329143024.0
008 001017c1991 br qr pernn 0 b1por d
010 _a90809
011 _a91781
022 _a1414-3984
035 _a102344
245 1 0 _aEngenharia na Agricultura
_c/por Associacao dos Engenherios Agrícolas de Minas Gerais
260 0 _aVicosa:
_bAssociacao dos Engenherios Agrícolas de Minas Gerais,
_c1991.
300 _av.
310 _aTrimestral
362 _av.12 n.4,2004
590 _aBATCH-UPD
_b10
_c20130110
_lUCH01
_h2339
590 _aBATCH-UPD
_b10
_c20130410
_lUCH01
_h1627
590 _aBATCH-UPD
_b10
_c20130914
_lUCH01
_h1640
590 _aCONVERSION
_b10
_c20130109
_lUCH01
_h1350
650 1 4 _aIngeniería agrícola
_xPublicaciones periódicas.
_958205
780 _tEngenharia na Agricultura: Serie Construcoes Ruralis
866 _av. 12 n. 3 (Septiembre 2004) - v. 12 n. 4 (Diciembre 2004)
866 _av. 13 n. 1 (Marzo 2005) - v. 13 n. 3 (Septiembre 2005)
866 _av. 14 n. 1 (Marzo 2006) - v. 14 n. 4 (Diciembre 2006)
866 _av. 15 n. 1 (Marzo 2007) - v. 15 n. 4 (Diciembre 2007)
866 _av. 16 n. 2 (Junio 2008) - v. 16 n. 4 (Diciembre 2008)
866 _av. 17 n. 1 (Marzo 2009)
866 _av. 17 n. 3 (Septiembre 2009) - v. 17 n. 6 (Diciembre 2009)
866 _av. 18 n. 1 (Marzo 2010)
866 _av. 18 n. 3 (Septiembre 2010)
866 _av.10 n.1-4 - (2002)
866 _av.11 n.1-4 - (2003)
866 _av.5 n.3 - (1997)
866 _av.7 n.2-4 - (1999)
866 _av.9 n.3-4 - (2001)
901 _aSE
905 _aAraceli Hernández Gómez.
999 _c90809
_d90809